000 00665nam a22002297a 4500
003 UA-OsUOA
001 25487
007 ta
008 20040419b un ||||| |||| 00| 0 ukr d
100 _aБутко М.
090 _a330(477)
_bБ93
942 _cSA
040 _aUA-OsUOA
_bukr
_cUA-OsUOA
_dUA-OsUOA
245 _aІнвестиційні аспекти підвищення конкурентоспроможності економіки
300 _aС.40-46
955 _a0
041 _aukr
080 _a330(477)
044 _aUA
773 0 _w0
_tЕкономіка України
_dК.
_d2004
_g№4
650 7 _aЕкономіка України
_2UDC
999 _c311785
_d311785